Platformová ekonomika: výzvy a príležitosti pre efektívnu právnu ochranu zamestnancov

Tento príspevok sa venuje aktuálnej problematike platformovej ekonomiky v kontexte slovenského pracovného práva. Z formálnej stránky je príspevok rozdelený do troch hlavných častí. V prvej časti sa venujeme definícii základných pojmov a zanalyzujeme súčasný stav platformovej ekonomiky in genere. Dru...

Description complète

Enregistré dans:
Détails bibliographiques
Auteur principal: Sípos, Ádám
Format: Chapitre de livre
Langue:slovaque
Sujets:
Tags: Ajouter un tag
Pas de tags, Soyez le premier à ajouter un tag!

MARC

LEADER 00000naa a2200000 4500
001 0299341
005 20240417075305.3
041 0 |a slo 
044 |a SK 
245 1 0 |a Platformová ekonomika: výzvy a príležitosti pre efektívnu právnu ochranu zamestnancov  |c Ádám Sípos 
520 |a Tento príspevok sa venuje aktuálnej problematike platformovej ekonomiky v kontexte slovenského pracovného práva. Z formálnej stránky je príspevok rozdelený do troch hlavných častí. V prvej časti sa venujeme definícii základných pojmov a zanalyzujeme súčasný stav platformovej ekonomiky in genere. Druhá časť príspevku sa zameriava na stav de lege lata slovenského pracovného práva vo vzťahu k platformovej práci a rieši problémy spojené s platformovou ekonomikou, akým je napríklad uberizácia pracovnoprávnych vzťahov a nelegálna práca. 
610 2 0 |a ekonomika 
610 2 0 |a právo pracovné 
610 2 0 |a zamestnanci 
610 2 0 |a práca nelegálna 
610 2 0 |a vzťahy pracovnoprávne 
100 1 |a Sípos, Ádám